| 000 | 00520nam a2200181Ia 4500 | ||
|---|---|---|---|
| 005 | 20250508163702.0 | ||
| 008 | 008 250505s9999 xx 000 0 eng d | ||
| 037 | _aTextual | ||
| 040 |
_aFEDL _beng _cFEDL |
||
| 041 |
_aeng _2eng |
||
| 084 |
_a371.7, KOK _qFEDL |
||
| 100 |
_aKokate Sanjay _9775988 |
||
| 245 | 0 | _aPhysical education activities : Sports, games and coaching | |
| 260 |
_aJaipur, India _bBook Enclave _c1997 |
||
| 300 | _a234p | ||
| 942 |
_cTEXL _h371.7, KOK |
||
| 999 |
_c1384701 _d1384701 |
||